| 000 | 01633cam a2200385 i 4500 | ||
|---|---|---|---|
| 001 | 41650 | ||
| 003 | Mx-PuUPA | ||
| 005 | 20250220142129.0 | ||
| 008 | 140415s2008 mx ad gr 000 0 spa d | ||
| 020 | _a9789708170024 | ||
| 040 |
_aMx-PuUPA _bspa _cMx-PuUPA _dMx-PuUPA _erda |
||
| 041 | 0 | _aspa | |
| 100 | 1 |
_aBaldor, J. A., _q(J. Aurelio) _916727 _eautor |
|
| 245 | 1 | 0 |
_aGeometría y trigonometría / _bBaldor |
| 246 | 1 | 4 |
_aBaldor : _bgeometría y trigonometría. |
| 250 | _aSegunda edición | ||
| 264 | 1 |
_aMéxico, D. F. : _bGrupo Editorial Patria, _c©2008 |
|
| 300 |
_a423 páginas : _bilustraciones, gráficas, ecuaciones, cálculos, fórmulas, tablas ; _c24 cm + _e1 disco de computadora (4 3/4 pulg.) |
||
| 336 |
_2rdacontent _atexto _btxt |
||
| 336 |
_2rdacontent _aimagen fija _bsti |
||
| 337 |
_2rdamedia _asin medio _bn |
||
| 337 |
_2rdamedia _acomputadora _bc |
||
| 338 |
_2rdacarrier _avolumen _bnc |
||
| 338 |
_2rdacarrier _adisco compacto _bcd |
||
| 538 | _aRequisitos mínimos: Windows NT / 2000 /XP /Vista. Pentium III o superior. RAM de ak nebis 128 MB CD RIN t tarheta de video capaz de desplegar miles de colores en una resolución mínima de 800 x 600. Qui8cktime 6.0 o superior. | ||
| 545 | 1 | _aReimpresiones: (Primera, 2009). | |
| 650 | 7 |
_913986 _2armarc _aGeometría |
|
| 650 | 7 |
_2armarc _aGeometría _vProblemas, ejercicios, etc. |
|
| 650 | 7 |
_2armarc _aTrigonometría |
|
| 650 | 7 |
_2armarc _aTrigonometría _vProblemas, ejercicios, etc., |
|
| 942 |
_2ddc _cLI _hxx _ixx _n |
||
| 999 |
_c41650 _d41650 |
||